[Event "ESP-ch 83rd"]
[Site "Linares"]
[Date "2018.08.28"]
[Round "9"]
[White "Sosa Suarez, Carla Cristina"]
[Black "Gomez Ligero, Sergio"]
[Result "1/2-1/2"]
[WhiteElo "2006"]
[BlackElo "1826"]
[PlyCount "91"]
[EventDate "2018.08.20"]
[EventType "swiss"]
[EventRounds "9"]
[EventCountry "ESP"]
[SourceTitle "CBM 186 Extra"]
[Source "ChessBase"]
[SourceDate "2018.08.24"]
[SourceVersion "1"]
[SourceVersionDate "2018.08.24"]
[SourceQuality "1"]

1. e4 c5 2. Nf3 d6 3. d4 cxd4 4. Nxd4 Nf6 5. Nc3 g6 6. Bc4 Bg7 7. 0-0 0-0 8. Re1 Nc6 9. Nb3 a6 10. a4 Na5 11. Nxa5 Qxa5 12. Nd5 Nxd5 13. exd5 Bg4 14. Be2 Bd7 15. c3 b5 16. Bg5 f6 17. axb5 Qc7 18. Be3 axb5 19. Qb3 Qb7 20. Bd4 Rxa1 21. Rxa1 Ra8 22. Re1 Qa6 23. h4 Bf8 24. Qc2 Qa4 25. Qd2 Qa2 26. h5 Ra4 27. Bf3 Qc4 28. Be4 f5 29. Bf3 Qc8 30. hxg6 hxg6 31. Qg5 Qe8 32. g3 Qf7 33. Kg2 Ra2 34. Qh4 Qh7 35. Qxh7+ Kxh7 36. Re2 Kg8 37. Rd2 Bh6 38. Rc2 Ra4 39. Be2 f4 40. Bd3 Kf7 41. gxf4 Bxf4 42. Kf3 Bg5 43. Kg3 Ra1 44. f4 Bf6 45. Bxf6 Kxf6 46. Re2 1/2-1/2

[Event "ESP-ch 83rd"]
[Site "Linares"]
[Date "2018.08.21"]
[Round "2"]
[White "Samuel Lares, Jairo"]
[Black "Gomez Ligero, Sergio"]
[Result "1-0"]
[WhiteElo "2006"]
[BlackElo "1826"]
[PlyCount "69"]
[EventDate "2018.08.20"]
[EventType "swiss"]
[EventRounds "9"]
[EventCountry "ESP"]
[SourceTitle "CBM 186 Extra"]
[Source "ChessBase"]
[SourceDate "2018.08.24"]
[SourceVersion "1"]
[SourceVersionDate "2018.08.24"]
[SourceQuality "1"]

1. d4 e6 2. Nc3 Nf6 3. e4 d5 4. e5 Nfd7 5. Nce2 c5 6. f4 cxd4 7. Nxd4 Nc6 8. Ngf3 Nxd4 9. Nxd4 Bc5 10. c3 0-0 11. Bd3 Qh4+ 12. g3 Qe7 13. Bd2 f6 14. Qe2 fxe5 15. fxe5 Bb6 16. h4 Bc7 17. Bf4 Nc5 18. Bc2 b6 19. 0-0-0 Bd7 20. Qh5 g6 21. Qg4 Qg7 22. Rde1 b5 23. h5 Ne4 24. Bxe4 dxe4 25. Rxe4 Rf5 26. h6 Qe7 27. Re2 Rff8 28. Rd1 b4 29. Bg5 Qe8 30. c4 Rc8 31. Bf6 Bb6 32. Nf3 Bc6 33. Ng5 Bd5 34. b3 Qa4 35. bxa4 1-0

[Event "ESP-ch 83rd"]
[Site "Linares"]
[Date "2018.08.20"]
[Round "1"]
[White "Gomez Ligero, Sergio"]
[Black "Esquivias Quintero, Luis Manuel"]
[Result "0-1"]
[WhiteElo "1826"]
[BlackElo "2260"]
[PlyCount "70"]
[EventDate "2018.08.20"]
[EventType "swiss"]
[EventRounds "9"]
[EventCountry "ESP"]
[SourceTitle "CBM 186 Extra"]
[Source "ChessBase"]
[SourceDate "2018.08.24"]
[SourceVersion "1"]
[SourceVersionDate "2018.08.24"]
[SourceQuality "1"]

1. e4 c5 2. Nf3 g6 3. d4 cxd4 4. Qxd4 Nf6 5. c4 Nc6 6. Qe3 Bg7 7. Be2 0-0 8. Nc3 d6 9. h3 Be6 10. Rb1 Nd7 11. 0-0 Qa5 12. Bd2 Qc5 13. Ng5 Qxe3 14. Bxe3 Bxc3 15. Nxe6 fxe6 16. bxc3 b6 17. Bg5 Kf7 18. Bh6 Rfd8 19. f4 Nf6 20. Bf3 e5 21. fxe5 Nxe5 22. Be2 Rac8 23. Rb4 Ke6 24. Bf4 Rc5 25. Bxe5 Rxe5 26. Ra4 Rd7 27. c5 Rxc5 28. Rf3 Rdc7 29. Bd1 a5 30. c4 Nxe4 31. Re3 Re5 32. Bg4+ Kf6 33. c5 Nxc5 34. Rf4+ Kg7 35. Ref3 h5 0-1

[Event "Andalucia-chA"]
[Site "Roquetas de Mar"]
[Date "2017.05.14"]
[Round "3"]
[White "Gomez Ligero, Sergio"]
[Black "Redondo Benavente, Ana"]
[Result "0-1"]
[WhiteElo "1796"]
[BlackElo "2042"]
[PlyCount "86"]
[EventDate "2017.05.13"]
[EventType "swiss"]
[EventRounds "8"]
[EventCountry "ESP"]
[SourceTitle "EXT 2020"]
[Source "ChessBase"]
[SourceDate "2019.10.17"]
[SourceVersion "1"]
[SourceVersionDate "2019.10.17"]
[SourceQuality "1"]

1. d4 Nf6 2. e3 d6 3. Nf3 g6 4. Be2 Bg7 5. b3 0-0 6. Bb2 c5 7. c4 Ne4 8. 0-0 Nc6 9. Nbd2 Nf6 10. d5 Nb8 11. h3 e5 12. dxe6 fxe6 13. e4 e5 14. b4 b6 15. b5 Nh5 16. Nh2 Nf4 17. Bg4 Ne6 18. Nb3 Nd4 19. Bxc8 Qxc8 20. Qg4 Qxg4 21. Nxg4 Nd7 22. Kh2 h5 23. Ne3 Nf6 24. f3 Bh6 25. Nd5 Nxd5 26. exd5 Nc2 27. Rab1 Ne3 28. Rfe1 Nf5 29. Rg1 Bf4+ 30. g3 Nxg3 31. Kg2 Nf5 32. Kh1 Nh4 33. Rgf1 Kh7 34. Bc3 Nf5 35. Be1 Ne3 36. Rf2 Nxc4 37. Rg2 g5 38. h4 Ne3 39. Re2 gxh4 40. Nd2 Nf5 41. Ne4 Bg3 42. Bd2 Nd4 43. Nxg3 hxg3 0-1

[Event "Andalucia-chA"]
[Site "Roquetas de Mar"]
[Date "2017.05.13"]
[Round "1"]
[White "Perez Beltran, Salvador"]
[Black "Gomez Ligero, Sergio"]
[Result "0-1"]
[WhiteElo "1908"]
[BlackElo "1796"]
[PlyCount "70"]
[EventDate "2017.05.13"]
[EventType "swiss"]
[EventRounds "8"]
[EventCountry "ESP"]
[SourceTitle "EXT 2020"]
[Source "ChessBase"]
[SourceDate "2019.10.17"]
[SourceVersion "1"]
[SourceVersionDate "2019.10.17"]
[SourceQuality "1"]

1. d4 d5 2. Nf3 Nf6 3. c4 c6 4. Nc3 e6 5. Bg5 dxc4 6. e4 b5 7. e5 h6 8. Bh4 g5 9. Nxg5 hxg5 10. Bxg5 Nbd7 11. g3 Qb6 12. exf6 Bb7 13. Bg2 0-0-0 14. 0-0 Ne5 15. dxe5 Rxd1 16. Rfxd1 c5 17. Ne4 Bd5 18. Bf4 Qc6 19. Nd6+ Bxd6 20. Bxd5 exd5 21. exd6 Re8 22. Re1 Re4 23. Rxe4 dxe4 24. Rd1 Kd7 25. h4 b4 26. Be3 Qa4 27. Rd5 c3 28. bxc3 Qxa2 29. Rd1 b3 30. Bc1 b2 31. Bxb2 Qxb2 32. Rd5 Qxc3 33. Rf5 Kxd6 34. g4 Qh3 35. Rf4 e3 0-1